000 01017nam0a22003011 4500
001 v19\rc\1836234
005 20251118180047.4
035 _a(NLR Aleph) 004940525
090 _a5776275
_c5776275
100 _a20071224d1908 |||y0rusy50 ca
101 1 _arus
_cpol
102 _aRU
105 _ay z |||||
200 1 _aНаряд как фактор унижения женщин
_fД-р Миклашевский
_gПер. с пол. Я.И. Воллодзько
210 _aМосква
_cтип. "Обществ. польза"
_d1908
215 _a31 с.
_d15
700 1 _6z01790
_aМиклашевский
_bВ.
_f1868-
_gВалента
702 1 _aВоллодзько
_bЯ. И.
_4730
790 1 _6z01700
_aМиклашевский
_bВ.
_f1868-
_gВалентий
801 0 _aRU
_bNLR
_gpsbo
801 0 _aRU
_bRuMoRGB
_2psbo
801 1 _aRU
_bProSoft-M
_2rusmarc
852 _aNLR
_j34.84.3.1024
899 _aRuMoRGB
_jU 6/281
899 _aRuMoRGB
_jU 481/663
899 _aБАН
942 _cBOOK
980 _aNB